| 000 | 00662nam a2200205Ia 4500 | ||
|---|---|---|---|
| 008 | 140925s9999 xx 000 0 und d | ||
| 020 | _a1468-0416 | ||
| 100 | _aSaunders, Anthony. | ||
| 245 |
_aFinancial Markets, Institutions & Instruments / _cAnthony Saunders. _h[electronic resource] |
||
| 260 |
_bJohn Wiley & Sons, Inc., _cc1999. |
||
| 516 | _aElectronic text | ||
| 650 | _aFinancial Management. | ||
| 650 | _aInstitutions. | ||
| 650 | _aInstruments. | ||
| 650 | _aMarketing. | ||
| 830 | _aJohn Wiley & Sons, Inc. | ||
| 856 | _uhttp://onlinelibrary.wiley.com/journal/10.1111/%28ISSN%291468-0416 | ||
| 942 | _cEJ | ||
| 999 |
_c275644 _d275644 |
||